Welcome to the Holygrace Academy Library

Please use search bar below to get started

ANTE JEEVITHA KATHA (Record no. 5482)

MARC details
000 -LEADER
fixed length control field 00298nam a22001337a 4500
082 ## - DEWEY DECIMAL CLASSIFICATION NUMBER
Classification number 920
Item number AKG/R
100 ## - MAIN ENTRY--AUTHOR NAME
Personal name AKG
245 ## - TITLE STATEMENT
Title ANTE JEEVITHA KATHA
260 ## - PUBLICATION, DISTRIBUTION, ETC. (IMPRINT)
Place of publication THIRUVANANTHAPURAM
Name of publisher CHINTHA PUBLICATIONS
Year of publication 2007
300 ## - PHYSICAL DESCRIPTION
Number of Pages 472
520 ## - SUMMARY, ETC.
Summary, etc AUTOBIOGRAPHY
650 ## - SUBJECT ADDED ENTRY--TOPICAL TERM
Topical Term AUTOBIOGRAPHY
942 ## - ADDED ENTRY ELEMENTS (KOHA)
Koha item type Books
Holdings
Withdrawn status Lost status Collection code Home library Current library Shelving location Date acquired Source of acquisition Cost, normal purchase price Full call number Accession Number Koha item type
    Fiction Main Library Main Library SHELF-16L- MALAYALAM BIOGRAPHY,STUDIES/CRITICISM 12/05/2009 Purchase 220.00 920 AKG/R 02047 Books